000 01076nam a22002535i 4500
001 157764
003 ES-MaACL
005 20250930063136.0
008 040819s1778 gw a |||| | ger d
040 _aCAM
_bspa
_cCAM
100 0 _aLinné, Carl von,
_d1707-1778
_972451
245 1 0 _aDes Ritters Carl von Linne' ... Natursystem des Mineralreichs
_b: nach der zwolsten lateinischen Ausgabe in einer freyen und vermehrten Uebersestung von Johann Friedrich Gmelin ...; Dritter Theil...
260 _aNurnberg :
_bvey Gabriel Nicolaus Raspe,
_c1778.
300 _a[18], 486, [2] en bl., [3] h. de grab., [3] h. pleg. de grab. ;
_c8º.
597 _aSign.: )(\p9\s, A-2G\p8\s, 2H\p4\s.
597 _aLetra gótica.
599 _aLas h. de grab. calc. representado minerales y fósiles.
650 4 _aMinerales.
_915052
700 1 1 _aGmelin, Johann Friederich.
_9127344
700 1 1 _aRaspe, Gabriel Nicolaus,
_eed.
_9131617
752 _aAlemania -
_dNuremberg
852 _aES-MaACL
_jR-817-20
_z-- Enc. piel
_xOlim: G-2879-82
999 _c157764
_d157764